Countries Closest to Vatican City by first two letters - Statistics

General Stats
  • This quiz has been taken 294 times
  • The average score is 15 of 21
Answer Stats
country % Correct
Italy
100%
France
92%
Monaco
92%
Montenegro
92%
San Marino
90%
Switzerland
84%
Albania
81%
Algeria
81%
Austria
80%
Croatia
78%
Malta
78%
Slovenia
78%
Germany
76%
Liechtenstein
74%
Bosnia and Herzegovina
67%
Greece
66%
Serbia
62%
Tunisia
56%
Hungary
48%
Kosovo
40%
North Macedonia
28%
No matching quizzes found
Score Distribution
Percent of People with Each Score
Percentile by Number Answered
Your Score History
You have not taken this quiz